000 00621nam a2200205Ia 4500
003 IN-BaIIA
008 211028s9999 xx 000 0 eng d
020 _a0-486-60590-6
040 _cIIA Library
080 _a524.3-64
_bCHA
100 _aChandrasekhar, S.
_91248
245 0 _aRadiative transfer
_cS. Chandrasekhar
260 _aNew York
_bDover Publications
_c1960
300 _axiv, 393p.
650 _aIsotopic scatering
_930138
650 _aPrinciples of invariance
_912834
650 _aQuadrature formulae
_912835
650 _aThe H-Functions
_927578
942 _cBK
999 _c16286
_d16286